00647nam a2200181 i 450000100060000000300090000600500170001500700030003200800410003511000410007624500530011726000600017030000210023065000490025185200220030099900170032295201260033984569ES-MaACL20230906175035.0t|041123s1961 sp ||||1| spa d2 aMovimiento Nacional (España)9577610aAsambleas comarcales de orientación municipal. aÁlava : bJefatura Provincial del Movimiento, c1961. a64 p. ; c24 cm.00aAdministración municipal-zEspaña.99642 aES-MaACLjC-21624 c84569d84569 00104070aATENEOMbATENEOMcGaleríad2008-01-17eSCl0oC-21624p1088378r2023-02-23 00:00:00w2023-02-23yMONOGRAFIA